01863nam a2200385Ia 4500001001200000003000800012006001900020007001500039008004100054010001700095020001800112020001500130020001800145020001500163040002100178035002100199050002300220100002000243245015700263260003600420300001500456500034000471504005100811533015200862650005001014650003501064650003601099650005101135650003601186655002901222700002501251710001701276730005801293856012601351ebr10245874CaPaEBRm u cr cn|||||||||081217r20082007nyu sb 001 0 eng d z 2008928679 z9781402083112 z1402083114 z9781402083129 z1402083122 aCaPaEBRcCaPaEBR a(OCoLC)28846580214aQH332b.M55 2008eb1 aMiller, Seumas.10aEthical and philosophical consideration of the dual-use dilemma in the biological sciencesh[electronic resource] /cSeumas Miller, Michael J. Selgelid. a[New York] :bSpringer,cc2008. avii, 75 p. a"...originally produced as a report for the National Security Science and Technology Unit, Department of the Prime Minister and Cabinet, Australian Government, as part of a Centre for Applied Philosophy and Public Ethics (CAPPE) consultation in 2006 ... previously published in Science and Engineering Ethics (2007) 13: 523-580"--P. v. aIncludes bibliographical references and index. aElectronic reproduction.bPalo Alto, Calif. :cebrary,d2009.nAvailable via World Wide Web.nAccess may be limited to ebrary affiliated libraries. 0aBiologyxResearchxMoral and ethical aspects. 0aBiologyxResearchxPhilosophy. 0aBiological warfarexPrevention. 0aBiological warfarexMoral and ethical aspects. 0aBiological warfarexPhilosophy. 7aElectronic books.2local1 aSelgelid, Michael J.2 aebrary, Inc.0 aScience and engineering ethics.nv. 13, no. 4.f2007.40uhttp://site.ebrary.com/lib/rucke/Doc?id=10245874zAn electronic book accessible through the World Wide Web; click to view